| 000 | 00685nam a2200205 4500 | ||
|---|---|---|---|
| 999 |
_c4269 _d4269 |
||
| 008 | 011005s1994 us engYA | ||
| 020 | _a0931464013 | ||
| 100 | 1 | _aAlbright, William F. | |
| 245 | 1 | 0 |
_aYahweh and the gods of Canaan : _ba historical analysis of two contrasting faith / _cWilliam F. Albright. |
| 260 |
_aIndiana : _bEisenbrauns, _cc1994. |
||
| 300 | _axiv, 294 p. | ||
| 336 | _atext | ||
| 337 | _aunmediated | ||
| 338 | _avolume | ||
| 500 | _aThe Jordan lectures 1965 delivered at the School of Oriental and African Studies, University of London. | ||
| 650 | 4 |
_aGod _xBiblical teaching. |
|
| 650 | 4 | _aGods,Semitic. | |
| 651 | 4 |
_aIsrael _xReligion. |
|
| 942 |
_2lcc _cBK |
||